| 000 | 00702nmc a2200277 a 4500 | ||
|---|---|---|---|
| 003 | AR-BaBNM | ||
| 005 | 20251128211553.0 | ||
| 008 | 074120s2004 ||||||||||||||000 | spa|| | ||
| 020 | _a950-07-2325-5 | ||
| 040 | _cAR-BaBNM | ||
| 100 | 1 | _aPérez Sabbi, Mercedes | |
| 245 | 1 | 0 | _aSopa de estrellas |
| 250 | _a2ª ed. | ||
| 260 |
_aBuenos Aires _bSudamericana _c2004 |
||
| 300 | 0 |
_a32 p. _bil. |
|
| 490 | 0 | _aLos caminadores | |
| 500 | 0 | _aEdad sugerida a partir de 4 años | |
| 650 | 4 | _aLITERATURA INFANTIL | |
| 650 | 4 | _aCUENTOS | |
| 650 | 4 | _aLIBROS PARA NINOS | |
| 655 | _aLITERATURA | ||
| 700 | 1 |
_aFernández, Luciana _eilustrador |
|
| 800 | 0 | _aCanela | |
| 942 | _cBK | ||
| 998 | _cmartin | ||
| 999 |
_c20238 _d20238 |
||